Most Successful Formula 1 Drivers of All Time - Statistics

General Stats
  • This quiz has been taken 1,187 times
    86 since last reset
  • The average score is 59 of 100
Answer Stats
Order Answer Country Active years % Correct
4. Max Verstappen Netherlands 2015-
100%
1. Lewis Hamilton United Kingdom 2007-
99%
12. Fernando Alonso Spain 2001, 2003-2018, 2021-
97%
2. Michael Schumacher Germany 1991-2006, 2010-2012
97%
54. Ralf Schumacher Germany 1997-2007
97%
5. Sebastian Vettel Germany 2007-2022
97%
7. Ayrton Senna Brazil 1984-1994
96%
9. Niki Lauda Austria 1971-1979, 1982-1985
95%
6. Alain Prost France 1980-1991, 1993
93%
25. Lando Norris United Kingdom 2019-
93%
3. Juan Manuel Fangio Argentina 1950-1951, 1953-1958
92%
21. Kimi Räikkönen Finland 2001-2009, 2012-2021
92%
33. Keke Rosberg Finland 1978-1986
90%
19. Nico Rosberg Germany 2006-2016
90%
14. Mika Häkkinen Finland 1991-2001
89%
41. Valtteri Bottas Finland 2013-2024
88%
61. Carlos Sainz Spain 2015-
86%
46. Charles Leclerc Monaco 2018-
86%
47. Daniel Ricciardo Australia 2011-2024
86%
45. Oscar Piastri Australia 2023-
86%
20. Damon Hill United Kingdom 1992-1999
85%
15. Graham Hill United Kingdom 1958-1975
85%
22. Jenson Button United Kingdom 2000-2017
85%
10. Nelson Piquet Brazil 1978-1991
85%
35. Phil Hill United States 1958-1964, 1966
85%
51. Sergio Pérez Mexico 2011-2024
85%
44. Mark Webber Australia 2002-2013
84%
58. George Russell United Kingdom 2019-
82%
55. Gilles Villeneuve Canada 1977-1982
82%
26. Jacques Villeneuve Canada 1996-2006
82%
18. Nigel Mansell United Kingdom 1980-1992, 1994-1995
81%
17. Alberto Ascari Italy 1950-1955
79%
94. Pierre Gasly France 2017-
75%
37. David Coulthard United Kingdom 1994-2008
74%
16. Emerson Fittipaldi Brazil 1970-1980
74%
32. Giuseppe Farina Italy 1950-1955
74%
13. Jim Clark United Kingdom 1960-1968
74%
88. Jochen Mass Germany 1973-1980, 1982
74%
24. Mario Andretti United States 1968-1972, 1974-1982
74%
97. Esteban Ocon France 2016-
73%
28. James Hunt United Kingdom 1973-1979
73%
11. Jack Brabham Australia 1955-1970
71%
8. Jackie Stewart United Kingdom 1965-1973
71%
49. Juan Pablo Montoya Colombia 2001-2006
71%
23. Alan Jones Australia 1975-1981, 1983, 1985-1986
70%
40. Felipe Massa Brazil 2002, 2004-2017
70%
39. Rubens Barrichello Brazil 1993-2011
70%
42. Gerhard Berger Austria 1984-1997
66%
27. Jody Scheckter South Africa 1972-1980
66%
29. Denny Hulme New Zealand 1965-1974
63%
31. Jochen Rindt Austria 1964-1970
63%
36. Stirling Moss United Kingdom 1951-1961
63%
62. Bruce McLaren New Zealand 1958-1970
62%
48. Jacky Ickx Belgium 1967-1979
62%
85. Robert Kubica Poland 2006-2010
62%
30. John Surtees United Kingdom 1960-1972
60%
38. Carlos Reutemann Argentina 1972-1982
56%
65. Giancarlo Fisichella Italy 1996-2009
56%
66. Heinz-Harald Frentzen Germany 1994-2003
55%
34. Mike Hawthorn United Kingdom 1952-1958
55%
86. Jarno Trulli Italy 1997-2011
52%
43. Ronnie Peterson Sweden 1970-1978
51%
98. Heikki Kovalainen Finland 2007-2013
49%
63. Eddie Irvine United Kingdom 1993-2002
48%
57. Clay Regazzoni Switzerland 1970-1980
47%
52. Riccardo Patrese Italy 1977-1993
45%
82. Jean Alesi France 1989-2001
42%
50. René Arnoux France 1978-1989
42%
53. Jacques Laffite France 1974-1986
38%
72. Jose Froilan Gonzalez Argentina 1950-1957, 1960
37%
59. Michele Alboreto Italy 1981-1994
37%
79. Wolfgang von Trips Germany 1956-1961
34%
77. Pedro Rodriguez Mexico 1963-1971
33%
67. Thierry Boutsen Belgium 1983-1993
33%
68. Didier Pironi France 1978-1982
32%
60. John Watson United Kingdom 1973-1983, 1985
32%
56. Tony Brooks United Kingdom 1956-1961
32%
75. Elio de Angelis Italy 1979-1986
30%
70. Johnny Herbert United Kingdom 1989-2000
30%
69. Peter Collins United Kingdom 1952-1958
30%
95. Olivier Panis France 1994-1999, 2001-2004
29%
84. François Cevert France 1970-1973
27%
64. Dan Gurney United States 1959-1968, 1970
26%
92. José Carlos Pace Brazil 1972-1977
26%
87. Alessandro Nannini Italy 1986-1990
25%
91. Luigi Musso Italy 1953-1958
23%
71. Patrick Depailler France 1972, 1974-1980
23%
73. Patrick Tambay France 1977-1979, 1981-1986
23%
83. Richie Ginther United States 1960-1967
23%
78. Jo Siffert Switzerland 1962-1971
22%
93. Luigi Fagioli Italy 1950-1951
22%
80. Jean-Pierre Jabouille France 1974-1975, 1977-1981
21%
90. Lorenzo Bandini Italy 1961-1967
21%
74. Maurice Trintignant France 1950-1964
21%
76. Peter Revson United States 1964, 1971-1974
21%
96. Piero Taruffi Italy 1950-1952, 1954-1956
21%
81. Bill Vukovich United States 1950-1955
19%
100. Gunnar Nilsson Sweden 1976-1977
19%
99. Innes Ireland United Kingdom 1959-1966
16%
89. Jean-Pierre Beltoise France 1967-1974
14%
No matching quizzes found
Score Distribution
Percent of People with Each Score
Percentile by Number Answered
Your Score History
You have not taken this quiz since the last reset